Municipios de Zamora - Estadísticas

Estadísticas generales
  • Esta prueba ha sido intentada 219 veces
  • La puntuación promedio es 59 de 248
Estadísticas de respuestas
Respuesta % Correcto
Morales de Toro
91%
La Bóveda de Toro
90%
Pinilla de Toro
90%
Toro
90%
Benavente
88%
Cubo de Benavente
88%
Zamora
86%
Puebla de Sanabria
81%
Villalpando
65%
Alcañices
63%
Morales del Vino
63%
Bermillo de Sayago
61%
Fermoselle
60%
Fuentesaúco
56%
Villafáfila
56%
Pozuelo de Tábara
54%
Coreses
53%
Faramontanos de Tábara
53%
Gallegos del Río
53%
Moreruela de Tábara
53%
Tábara
53%
Galende
50%
Moraleja del Vino
50%
Palacios de Sanabria
50%
Quiruelas de Vidriales
48%
Muelas del Pan
47%
Santa Cristina de la Polvorosa
47%
Montamarta
44%
Olmillos de Castro
44%
Perilla de Castro
44%
Piedrahita de Castro
44%
San Cebrián de Castro
44%
Micereces de Tera
43%
Muga de Sayago
41%
Camarzana de Tera
40%
Manganeses de la Polvorosa
40%
Peleas de Abajo
40%
Roales del Pan
40%
Cabañas de Sayago
38%
Corrales del Vino
38%
Moraleja de Sayago
38%
Riofrío de Aliste
38%
Alfaraz de Sayago
37%
Fresno de Sayago
37%
Moral de Sayago
36%
San Esteban del Molar
36%
Almeida de Sayago
35%
Carbellino de Sayago
35%
El Cubo del Tierra del Vino
35%
Granja de Moreruela
35%
Roelos de Sayago
35%
Villardeciervos
33%
Ayoó de Vidriales
32%
Gallegos del Pan
32%
Melgar de Tera
32%
Mombuey
32%
Rábano de Aliste
32%
Santibáñez de Vidriales
32%
Bretó
31%
Calzadilla de Tera
31%
Santa Croya de Tera
31%
Castrogonzalo
30%
Ferreras de Arriba
30%
La Hiniesta
30%
Santibáñez de Tera
30%
Burganes de Valverde
29%
Ferreras de Abajo
29%
Pajares de la Lampreana
29%
Villaralbo
29%
Monfarracinos
28%
Palacios del Pan
28%
Vega de la Tera
28%
Barcial del Barco
27%
Cerecinos de Campos
27%
Manzanal de Arriba
27%
Santa María de la Vega
27%
Villanueva del Campo
27%
Arcos de la Polvorosa
26%
Figueruela de Arriba
26%
Pueblica de Valverde
26%
Villaseco del Pan
26%
Bretocino
25%
Milles de la Polvorosa
25%
Villalba de la Lampreana
25%
Brime de Sog
24%
Brime de Urz
24%
Fuentes de Ropel
24%
Lubián
24%
Mahíde
24%
Navianos de Valverde
24%
Otero de Bodas
24%
Pobladura del Valle
24%
Porto
24%
Rionegro del Puente
24%
San Miguel del Valle
24%
Santa María de Valverde
24%
Villabuena del Puente
24%
Carbajales de Alba
23%
Castroverde de Campos
23%
Morales de Valverde
23%
Asturianos
22%
Fesno de la Polvorosa
22%
La Torre del Valle
22%
Losacio
22%
Moralina
22%
Santovenia
22%
Villamayor de Campos
22%
Fonfría
21%
Friera de Valverde
21%
Pereruela
21%
Torres del Carrizal
21%
Villarín de Campos
21%
Villaveza de Valverde
21%
Abezames
19%
Belver de los Montes
19%
Gema
19%
Morales de Rey
19%
Peque
19%
Rabanales
19%
San Martín de Valderaduey
19%
Santa Eufemia del Barco
19%
Vega de Villalobos
19%
Villabrázaro
19%
Villalobos
19%
El Perdigón
18%
Losacino
18%
Maire de Castroponce
18%
Quintanilla de Urz
18%
Villanueva de las Peras
18%
Almaraz de Duero
17%
Andavías
17%
Benegiles
17%
Cañizal
17%
Malva
17%
San Pedro de Ceque
17%
San Vitero
17%
Casaseca de las Chanas
16%
Ferreruela
16%
Requejo
16%
Villanueva de Azoague
16%
Coomonte
15%
Cubillos
15%
Manzanal de Barco
15%
Mayalde
15%
San Miguel de la Ribera
15%
San Pedro de la Nave - Almendra
15%
Santa Colomba de las Monjas
15%
Aspariegos
14%
Castrillo de la Guareña
14%
El Pego
14%
Fuentelapeña
14%
Fuentespreadas
14%
Molezuelas de Carballeda
14%
Peleagonzalo
14%
Peñausende
14%
San Cristóbal de Entrevías
14%
Sanzoles
14%
Uña de Quintana
14%
Venialbo
14%
Villanázar
14%
Villardiegua de la Ribera
14%
Villeveza del Agua
14%
Algodre
13%
Castronuevo
13%
Guarrate
13%
Villamor de los Escuderos
13%
Arcenillas
12%
Argujillo
12%
Arquillinos
12%
Arrabalde
12%
Bustillo del Oro
12%
Cañizo
12%
Casaseca de Campeán
12%
Cazurra
12%
Cerecinos del Carrizal
12%
El Maderal
12%
Gamones
12%
Jambrina
12%
Quintanilla del Monte
12%
Robleda - Cervantes
12%
San Agustín del Pozo
12%
Vadillo de la Guareña
12%
Vezdemarbán
12%
Villadepera
12%
Villalube
12%
Cotanes del Monte
11%
Fariza
11%
Friera de la Ribera
11%
Hermisende
11%
Madridanos
11%
Molacillos
11%
Prado
11%
Villar del Buey
11%
El Piñero
10%
Entrala
10%
Manganeses de la Lamprena
10%
Samir de los Caños
10%
Vegalatrave
10%
Villaescusa
10%
Villalcampo
10%
Alcubilla de Nogales
9%
Cobreros
9%
Cuelgamures
9%
Fuente Encalada
9%
Granucillo
9%
Justel
9%
Moreruela de los Infanzones
9%
Muelas de los Caballeros
9%
Pías
9%
Quintanilla del Olmo
9%
Revellinos
9%
Trabazos
9%
Trefacio
9%
Valcabado
9%
Vallesa de la Guareña
9%
Villaferrueña
9%
Villalazán
9%
Viñas
9%
Espadañedo
8%
Fresno de la Rivera
8%
Matilla la Seca
8%
Pobladura de Valderabuey
8%
Pozoantiguo
8%
Torregamones
8%
Villárdiga
8%
Villavendimio
8%
Pedralba de la Pradería
7%
Rosinos de la Requejada
7%
Tapioles
7%
Valdefinjas
7%
Valdescorriel
7%
Vidayanes
7%
Villalonso
7%
Luelmo
6%
Manzanal de los Infantes
6%
Matilla de Arzón
6%
San Justo
6%
Santa Clara de Avedillo
6%
San Vicente de la Cabeza
6%
Villardondiego
6%
Argañín
5%
Cernadilla
5%
Fuentesecas
5%
Villanueva de Campeán
5%
Villar de Fallaves
5%
Salce
4%
Videmala
4%
Villageriz
4%
No se encontraron pruebas coincidentes
Distribución de puntuación
Porcentaje de gente con cada puntuación
Porcentaje por número respondido
Historial de tus puntuaciones
No has intentado esta prueba.